Jugadores Argentina #3 - Estadísticas

Estadísticas generales
  • Esta prueba ha sido intentada 46 veces
  • La puntuación promedio es 11 de 20
Estadísticas de respuestas
Imagen Respuesta % Correcto
Marchesin
97%
Batalla
73%
Adrian Martinez
70%
Buendia
70%
Colidio
70%
Gonzalo Martinez
70%
Musso
70%
Benitez
67%
Martinez Quarta
67%
Chimy Avila
64%
Nicolas Dominguez
64%
Pereyra
55%
Ascacibar
45%
Driussi
45%
Meza
45%
Trejo
36%
Bustos
33%
Marcelino Moreno
33%
Rodrigo Garro
27%
Hezze
21%
No se encontraron pruebas coincidentes
Distribución de puntuación
Porcentaje de gente con cada puntuación
Porcentaje por número respondido
Historial de tus puntuaciones
No has intentado esta prueba.